| 000 | 01061nam a22003017a 4500 | ||
|---|---|---|---|
| 005 | 20110720113950.0 | ||
| 008 | 110720t xxu||||| |||| 00| 0 eng d | ||
| 010 | _aENG-103057 | ||
| 020 |
_c595.00 _a9780198070627 |
||
| 020 |
_c595.00 _a0198070624 |
||
| 035 | _aEN-86590 | ||
| 037 | _bDBAD / PUB | ||
| 040 |
_adpl _bEnglish |
||
| 082 | _a331.12042 | ||
| 100 | _929710 | ||
| 245 |
_aThe battle for employment guarantee / _cedited by Reetika Khera |
||
| 260 |
_aNew Delhi _bOxford University Press _c2011 |
||
| 270 |
_aYMCA Library Building Jai Singh Road _bNew Delhi _e110001 |
||
| 300 |
_axix, 307 p. _c22cm (Hb) |
||
| 500 | _aIncludes bibliographical references and index | ||
| 546 |
_aIncludes passages in Sanskrit and Tibetan . _b (Tibetan in roman) |
||
| 600 | _929721 | ||
| 650 | _929711 | ||
| 650 | _929719 | ||
| 700 | _929720 | ||
| 942 |
_2ddc _cEN _mBAT _h331.12042 |
||
| 999 |
_c54078 _d54078 |
||